| 000 | 00543nam a2200169 4500 | ||
|---|---|---|---|
| 005 | 20260424212327.0 | ||
| 008 | - | ||
| 020 | _aISBN 978-9929-788-12-1 | ||
| 040 |
_aBiblioteca LadoV Teorética _cBiblioteca LadoV Teorética |
||
| 082 | 0 | 4 |
_a708.972.81 _bF981p |
| 100 | 1 | _aFundación Paiz | |
| 245 | 1 | 0 |
_aParaíso (re)partido : _bPerdidos. en medio. juntos / _cFundación Paiz |
| 260 | 1 |
_aGuatemala : _bFundación Paiz, _c2021 |
|
| 300 |
_a317 páginas : _bfotografías a color; _c24 x 17 cm. |
||
| 650 | 7 |
_2UNESCO _aGUATEMALA |
|
| 942 |
_2ddc _c1 _n0 |
||
| 999 |
_c4649 _d4649 |
||